000
00329nam a2200145Ia 4500
100
_a
Guru/ Hiziroglu
250
_a
2
942
_c
BK
654
_a
Electric machinery
245
_a
Electric machinery and transformers
260
_b
Oxford
_a
New Delhi
_c
1995
082
_a
621.3126
_b
GUR/HI
300
_a
674
546
_a
ENGLISH
999
_c
27044
_d
27044